| 000 | 00798cab a2200289 4500 | ||
|---|---|---|---|
| 001 | ABS51905 | ||
| 008 | 090401t1994 xxu||||| |||| 00| 0 eng d | ||
| 035 | _a(Sirsi) u49859 | ||
| 041 | _aeng | ||
| 245 | _aBuilding study: care in the community | ||
| 260 | _c1994 | ||
| 350 | _a0 | ||
| 490 |
_aArchitects` Journal _v200(22) 8 December 1994, 25-34(10) |
||
| 520 | _aWood Green Community Mental Health Centre. | ||
| 650 | _aBUILT ENVIRONMENT-BUILDING COSTS | ||
| 650 | _aCOST ANALYSIS | ||
| 650 | _aDAY CENTRES | ||
| 650 | _aDAY HOSPITALS | ||
| 650 | _aHEALTH BUILDINGS | ||
| 650 | _aHOSPITALS | ||
| 650 | _aMENTAL HEALTH CENTRE | ||
| 650 | _aPSYCHIATRIC HOSPITALS | ||
| 650 | _aWOOD GREEN | ||
| 690 | _aBUILDING AND CONSTRUCTION-PROJECTS | ||
| 942 | _n0 | ||
| 948 | _c04/03/1997 | ||
| 999 |
_c31219 _d31219 |
||